000 01180cam a22003257a 4500
999 _c28949
_d28920
001 14510250
003 EG-ScBUE
005 20201019135117.0
008 060821t2004 enka f b 001 0 eng d
020 _a0849325471 (CRC Press)
035 _a(OCoLC)ocm52567077
040 _aUKM
_beng
_erda
_cUKM
_dVPI
_dBAKER
_dDLC
_dEG-ScBUE
082 0 4 _a663.3
_bBRE
_222
245 0 0 _aBrewing :
_bscience and practice /
_cDennis E. Briggs [and three others]
264 1 _aCambridge, England :
_bWoodhead Publishing Limited,
_c[2004]
264 4 _cc2004
300 _axviii, 881 pages :
_billustrations ;
_c25 cm
336 _2rdacontent
_atext
_btxt
337 _2rdamedia
_aunmediated
_bn
338 _2rdacarrier
_avolume
_bnc
504 _aIncludes bibliographical references and index.
650 7 _aBrewing.
_2BUEsh
653 _bGGEN
_cOctober2020
655 _vReading book
_934232
700 1 _aBriggs, D. E.
_q(Dennis Edward)
_eeditor.
856 4 2 _3Publisher description
_uhttp://www.loc.gov/catdir/enhancements/fy0701/2006281001-d.html
906 _a7
_bcbc
_ccopycat
_d2
_encip
_f20
_gy-gencatlg
942 _2ddc
_cBB